000 00354 a2200157 4500
001 73719
020 _a
040 _cAnchieta - Colégio São Paulo
100 _aMachado, Jauri
240 1 0 _aAntologia em Prosa e Verso
_lpor
245 1 0 _aAntologia em Prosa e Verso
300 _a133
362 0 _a1998
650 4 _aPoesia brasileira
942 _cBK
999 _c73719
_d73719